|
|
|
|
| LEADER |
00000naa2a2200000 4500 |
| 001 |
612566 |
| 005 |
20260424131102.0 |
| 035 |
|
|
|a (RuTPU)RU\TPU\conf\10688
|
| 035 |
|
|
|a RU\TPU\conf\10676
|
| 090 |
|
|
|a 612566
|
| 100 |
|
|
|a 20150619d2014 k y0rusy50 ba
|
| 101 |
0 |
|
|a eng
|
| 102 |
|
|
|a RU
|
| 135 |
|
|
|a drgn ---uucaa
|
| 181 |
|
0 |
|a i
|
| 182 |
|
0 |
|a b
|
| 200 |
1 |
|
|a The mystery of the Bermuda Triangle depths of the ocean
|f N. A. Grigorova
|g sci. adv. N. Yu. Gutareva
|
| 203 |
|
|
|a Текст
|c электронный
|
| 225 |
1 |
|
|a Доклады на иностранном языке
|
| 300 |
|
|
|a Заглавие с титульного экрана
|
| 320 |
|
|
|a [Библиогр.: с. 442 (1 назв.)]
|
| 337 |
|
|
|a Adobe Reader
|
| 463 |
|
1 |
|0 (RuTPU)RU\TPU\conf\10372
|t Творчество юных - шаг в успешное будущее
|o материалы VII Всероссийской научной студенческой конференции с элементами научной школы имени профессора М.К. Коровина, г. Томск, 10-14 ноября 2014 г.
|f Национальный исследовательский Томский политехнический университет (ТПУ) ; под ред. А. Ю. Дмитриева
|v [С. 441-442]
|d 2014
|
| 610 |
1 |
|
|a труды учёных ТПУ
|
| 610 |
1 |
|
|a электронный ресурс
|
| 610 |
1 |
|
|a Бермудский треугольник
|
| 610 |
1 |
|
|a океаны
|
| 610 |
1 |
|
|a тайны
|
| 700 |
|
1 |
|a Grigorova
|b N. A.
|
| 702 |
|
1 |
|a Gutareva
|b N. Yu.
|c linguist
|c Associate Professor of Tomsk Polytechnic University, Candidate of pedagogical sciences
|f 1979-
|g Nadezhda Yurievna
|4 727
|
| 712 |
0 |
2 |
|a Национальный исследовательский Томский политехнический университет (ТПУ)
|b Институт природных ресурсов (ИПР)
|b Кафедра иностранных языков (ИЯПР)
|3 (RuTPU)RU\TPU\col\18662
|
| 801 |
|
2 |
|a RU
|b 63413507
|c 20161015
|g RCR
|
| 856 |
4 |
|
|u http://www.lib.tpu.ru/fulltext/c/2015/C66/158.pdf
|
| 942 |
|
|
|c BK
|